[Event "Helsingor Xtracon op"]
[Site "Helsingor"]
[Date "2019.07.27"]
[Round "9"]
[White "Sorensen, Bernhard"]
[Black "Wiberg, Jonas"]
[Result "1-0"]
[WhiteElo "1567"]
[BlackElo "1700"]
[PlyCount "107"]
[EventDate "2019.07.20"]
[EventType "swiss"]
[EventRounds "10"]
[EventCountry "DEN"]
[SourceTitle "CBM 191 Extra"]
[Source "ChessBase"]
[SourceDate "2019.09.30"]
[SourceVersion "1"]
[SourceVersionDate "2019.09.30"]
[SourceQuality "1"]

1. d4 Nf6 2. Bf4 e6 3. e3 c5 4. c3 d5 5. Bd3 Nc6 6. Nd2 Be7 7. h3 Qb6 8. Rb1 Bd7 9. Ngf3 Rc8 10. 0-0 h6 11. Re1 0-0 12. Ne5 Rfd8 13. Ndf3 Be8 14. Nh2 Nxe5 15. Bxe5 Nd7 16. Bf4 f5 17. g4 g5 18. Bg3 c4 19. Bc2 Bg6 20. gxf5 exf5 21. Qf3 Qe6 22. Qg2 Nf6 23. f3 Qf7 24. Be5 Bd6 25. f4 Bxe5 26. dxe5 Ne4 27. Bxe4 dxe4 28. fxg5 hxg5 29. Qxg5 Rd5 30. Qg3 Qe6 31. Rbd1 Rcd8 32. Rd4 Rxd4 33. cxd4 Kf7 34. Qh4 Rc8 35. Rf1 b5 36. Qxe4 Ke8 37. Qb7 Qd7 38. Qxd7+ Kxd7 39. Rc1 Ke6 40. Kf2 Kd5 41. Nf3 Be8 42. Ng5 Bd7 43. Kf3 a5 44. h4 b4 45. h5 c3 46. bxc3 bxc3 47. h6 Kc4 48. Nf7 Bc6+ 49. Ke2 Rb8 50. Nd6+ Kd5 51. Rxc3 Rb2+ 52. Kd3 Bb5+ 53. Nxb5 Rxb5 54. Rc5+ 1-0

[Event "Helsingor Xtracon op"]
[Site "Helsingor"]
[Date "2019.07.22"]
[Round "4"]
[White "Wiberg, Jonas"]
[Black "Slettebo, Jan"]
[Result "0-1"]
[WhiteElo "1700"]
[BlackElo "1888"]
[PlyCount "52"]
[EventDate "2019.07.20"]
[EventType "swiss"]
[EventRounds "10"]
[EventCountry "DEN"]
[SourceTitle "CBM 191 Extra"]
[Source "ChessBase"]
[SourceDate "2019.09.30"]
[SourceVersion "1"]
[SourceVersionDate "2019.09.30"]
[SourceQuality "1"]

1. d4 d5 2. Nf3 Nf6 3. Bf4 c5 4. e3 Nc6 5. c4 cxd4 6. exd4 e6 7. Nc3 Bb4 8. a3 Bxc3+ 9. bxc3 Qa5 10. Qb3 Ne4 11. Bd2 0-0 12. Bd3 b6 13. Qb5 Nxd2 14. Kxd2 Bd7 15. Qb2 e5 16. Nxe5 Nxe5 17. dxe5 dxc4 18. Be2 Qxe5 19. Ke1 Rfe8 20. Kf1 Bc6 21. Re1 Qe4 22. Rg1 Qh4 23. Rh1 Re6 24. Qd2 Rd8 25. Qc1 Rde8 26. Qd2 Be4 0-1

[Event "Helsingor Xtracon op"]
[Site "Helsingor"]
[Date "2018.07.28"]
[Round "9"]
[White "Preuss, Flemming"]
[Black "Wiberg, Jonas"]
[Result "1-0"]
[WhiteElo "1971"]
[BlackElo "1715"]
[PlyCount "71"]
[EventDate "2018.07.21"]
[EventType "swiss"]
[EventRounds "10"]
[EventCountry "DEN"]
[SourceTitle "CBM 185 Extra"]
[Source "ChessBase"]
[SourceDate "2018.07.29"]
[SourceVersion "1"]
[SourceVersionDate "2018.07.29"]
[SourceQuality "1"]

1. e4 c6 2. Nf3 d5 3. exd5 cxd5 4. Ne5 Nf6 5. d4 Nc6 6. c3 e6 7. Nd2 Nxe5 8. dxe5 Nd7 9. Nf3 Bc5 10. Bf4 Qc7 11. Bd3 Nb6 12. Bg3 Bd7 13. 0-0 h6 14. Re1 Bc6 15. Qe2 Rc8 16. Rac1 a6 17. b4 Be7 18. Nd4 Bd7 19. f4 Nc4 20. h4 0-0 21. f5 Qd8 22. Qg4 exf5 23. Bxf5 Bxf5 24. Nxf5 g6 25. e6 Kh7 26. exf7 gxf5 27. Qxf5+ Kg7 28. Re6 Rxf7 29. Qg6+ Kf8 30. Qxh6+ Ke8 31. Qg6 Kf8 32. Rce1 Rf6 33. Rxf6+ Bxf6 34. Bf4 Qb6+ 35. Kh1 Qd8 36. Bh6+ 1-0

[Event "Helsingor Xtracon op"]
[Site "Helsingor"]
[Date "2018.07.22"]
[Round "2"]
[White "Ivarsson, Torbjorn"]
[Black "Wiberg, Jonas"]
[Result "1/2-1/2"]
[WhiteElo "2161"]
[BlackElo "1715"]
[PlyCount "120"]
[EventDate "2018.07.21"]
[EventType "swiss"]
[EventRounds "10"]
[EventCountry "DEN"]
[SourceTitle "CBM 185 Extra"]
[Source "ChessBase"]
[SourceDate "2018.07.29"]
[SourceVersion "1"]
[SourceVersionDate "2018.07.29"]
[SourceQuality "1"]

1. e4 c6 2. Ne2 d5 3. e5 e6 4. d4 c5 5. c3 Nc6 6. Nd2 cxd4 7. cxd4 Qb6 8. Nf3 Bb4+ 9. Bd2 Nge7 10. Bxb4 Qxb4+ 11. Qd2 Qxd2+ 12. Kxd2 Nf5 13. g3 Bd7 14. Bh3 Nfe7 15. Rhc1 Rc8 16. Ne1 0-0 17. f4 Na5 18. b3 Rxc1 19. Rxc1 Rc8 20. Nc3 Kf8 21. Nd3 Ke8 22. g4 b6 23. Rf1 Nec6 24. Ne2 Nd8 25. f5 Rc7 26. Nef4 g6 27. Ne2 Rc8 28. Bg2 Nac6 29. Rf3 exf5 30. Rh3 fxg4 31. Rxh7 Be6 32. Ndf4 Ne7 33. Nc3 Ndc6 34. Nb5 Kd7 35. Nd6 Rf8 36. Ke3 Nb4 37. Bf1 Nf5+ 38. Nxf5 gxf5 39. Bb5+ Kd8 40. a4 Nc2+ 41. Kd3 Ne1+ 42. Kc3 Nf3 43. Bc6 Ng5 44. Rh5 Ne4+ 45. Kd3 Rg8 46. Bxd5 g3 47. hxg3 Rxg3+ 48. Kc2 Rc3+ 49. Kb2 Bxd5 50. Nxd5 Rd3 51. Nb4 Rf3 52. d5 Nc5 53. Nc6+ Kd7 54. Nd4 Rd3 55. Rh4 Re3 56. e6+ fxe6 57. Rh7+ Kc8 58. dxe6 Nxe6 59. Re7 f4 60. Nxe6 f3 1/2-1/2

[Event "Helsingor Xtracon op"]
[Site "Helsingor"]
[Date "2017.07.27"]
[Round "7"]
[White "Wiberg, Jonas"]
[Black "Tryggestad, Linnea Garberg"]
[Result "1-0"]
[WhiteElo "1773"]
[BlackElo "1597"]
[PlyCount "111"]
[EventDate "2017.07.22"]
[EventType "swiss"]
[EventRounds "10"]
[EventCountry "DEN"]
[SourceTitle "CBM 179 Extra"]
[Source "ChessBase"]
[SourceDate "2017.08.23"]
[SourceVersion "1"]
[SourceVersionDate "2017.08.23"]
[SourceQuality "1"]

1. d4 Nf6 2. Nf3 g6 3. Bg5 Bg7 4. Nbd2 d5 5. e3 0-0 6. Bd3 Bg4 7. h3 Bxf3 8. Qxf3 c6 9. 0-0 Nbd7 10. c3 Re8 11. e4 dxe4 12. Nxe4 Nxe4 13. Bxe4 Nf6 14. Bc2 Qd7 15. Rad1 Rad8 16. Bb3 Qc7 17. Bf4 Qc8 18. Be5 Qf5 19. Qxf5 gxf5 20. Rfe1 e6 21. Re3 h6 22. Rde1 Kh7 23. Bc2 Rg8 24. Kf1 Nd5 25. Rf3 Bxe5 26. Rxe5 Kh8 27. Bb3 Rg6 28. g3 Rdg8 29. Bc2 R6g7 30. Ke2 b6 31. Kd2 Rd8 32. Bb3 Nf6 33. Ke2 Ne4 34. Bxe6 fxe6 35. Rxe6 Ng5 36. Rxh6+ Kg8 37. Rxf5 Re8+ 38. Kd3 Re6 39. Rxe6 Nxe6 40. a4 Rd7 41. Ke2 Re7 42. Kd1 Rd7 43. Kc2 c5 44. d5 Nc7 45. c4 a6 46. Rf6 b5 47. axb5 axb5 48. b3 bxc4 49. bxc4 Ne8 50. Rf4 Nd6 51. h4 Ra7 52. Rf6 Nxc4 53. Kb3 Ne5 54. f4 Nf7 55. Rc6 Ra5 56. d6 1-0

[Event "Politiken Cup 37th"]
[Site "Helsingor"]
[Date "2015.07.25"]
[Round "1"]
[White "Wiberg, Jonas"]
[Black "Haug, Johannes"]
[Result "0-1"]
[WhiteElo "1805"]
[BlackElo "2236"]
[PlyCount "58"]
[EventDate "2015.07.25"]
[EventType "swiss"]
[EventRounds "10"]
[EventCountry "DEN"]
[SourceTitle "CBM 167 Extra"]
[Source "ChessBase"]
[SourceDate "2015.09.14"]
[SourceVersion "1"]
[SourceVersionDate "2015.09.14"]
[SourceQuality "1"]

1. d4 f5 2. g3 g6 3. c4 Bg7 4. Bg2 Nf6 5. Nc3 d6 6. Nf3 0-0 7. 0-0 Qe8 8. Qc2 e5 9. dxe5 dxe5 10. e3 e4 11. Nd4 Nc6 12. Nxc6 Qxc6 13. b3 Be6 14. Bb2 Bf7 15. Rfd1 a6 16. Rac1 Rfb8 17. Ne2 Qe8 18. Bd4 Rd8 19. Qb2 Qe7 20. Rd2 c5 21. Bc3 Rxd2 22. Qxd2 b5 23. cxb5 axb5 24. Rd1 b4 25. Ba1 Qa7 26. Nc1 Nd5 27. Bxg7 Kxg7 28. Qb2+ Nc3 29. Ne2 Qxa2 0-1

[Event "Politiken Cup 35th"]
[Site "Helsingor"]
[Date "2013.08.04"]
[Round "10"]
[White "Wiberg, Jonas"]
[Black "Christiansen, Niels Jorgen"]
[Result "1/2-1/2"]
[WhiteElo "1877"]
[BlackElo "1669"]
[PlyCount "119"]
[EventDate "2013.07.27"]
[EventType "swiss"]
[EventRounds "10"]
[EventCountry "DEN"]
[SourceTitle "CBM 155 Extra"]
[Source "ChessBase"]
[SourceDate "2013.08.26"]
[SourceVersion "1"]
[SourceVersionDate "2013.08.26"]
[SourceQuality "1"]

1. d4 f5 2. g3 Nf6 3. Bg2 e6 4. Nf3 Be7 5. 0-0 0-0 6. c4 d6 7. Nc3 Ne4 8. Qc2 Nxc3 9. Qxc3 Bf6 10. Qc2 Nc6 11. e3 a5 12. a3 Qe8 13. b3 e5 14. Bb2 e4 15. Nd2 Ne7 16. Rae1 c6 17. f4 d5 18. c5 Qd8 19. Nb1 b6 20. cxb6 Qxb6 21. Rc1 Ba6 22. Rfe1 Bd3 23. Qd1 Rab8 24. Nd2 Qa6 25. Bf1 Bxf1 26. Rxf1 a4 27. b4 Nc8 28. Rf2 Nd6 29. Qc2 Rfc8 30. Qb1 Bd8 31. Rc3 Rc7 32. Qd1 Nb5 33. Rc1 Nd6 34. Rc5 Nb5 35. Qe2 Qa8 36. Rg2 Be7 37. Rc1 Rf8 38. Kh1 Rf6 39. g4 fxg4 40. Rxg4 Rh6 41. Rcg1 Bf6 42. Nf1 Qe8 43. R4g2 Nd6 44. Bc1 Qh5 45. Qxh5 Rxh5 46. Nd2 Nf5 47. Nf1 Nh4 48. Rc2 Nf3 49. Rg3 Ne1 50. Re2 Nd3 51. Bd2 Re7 52. Kg2 Re6 53. Kg1 Bh4 54. Rg4 Reh6 55. Ng3 Bxg3 56. Rxg3 Rh3 57. Reg2 Rxg3 58. Rxg3 Rg6 59. Rxg6 hxg6 60. Kf1 1/2-1/2

[Event "Politiken Cup 35th"]
[Site "Helsingor"]
[Date "2013.07.30"]
[Round "5"]
[White "Jorgensen, Orla Eilegaard"]
[Black "Wiberg, Jonas"]
[Result "1-0"]
[WhiteElo "1614"]
[BlackElo "1877"]
[PlyCount "49"]
[EventDate "2013.07.27"]
[EventType "swiss"]
[EventRounds "10"]
[EventCountry "DEN"]
[SourceTitle "CBM 155 Extra"]
[Source "ChessBase"]
[SourceDate "2013.08.26"]
[SourceVersion "1"]
[SourceVersionDate "2013.08.26"]
[SourceQuality "1"]

1. Nf3 d5 2. d4 Nf6 3. c4 e6 4. Nc3 c6 5. cxd5 exd5 6. a3 Nbd7 7. Qc2 Be7 8. Bg5 0-0 9. e3 Re8 10. Bd3 Nf8 11. h3 N6d7 12. Bf4 g6 13. h4 Ne6 14. g3 Nxf4 15. gxf4 f5 16. 0-0-0 Nf6 17. Rdg1 Ne4 18. h5 Kg7 19. hxg6 h6 20. Ne5 Be6 21. f3 Nd6 22. Qh2 Rh8 23. Qh5 Qf8 24. Nf7 Nc4 25. Nxh8 1-0

[Event "Politiken Cup 35th"]
[Site "Helsingor"]
[Date "2013.07.28"]
[Round "3"]
[White "Olofsson Dolk, Mattis"]
[Black "Wiberg, Jonas"]
[Result "1-0"]
[WhiteElo "2113"]
[BlackElo "1877"]
[PlyCount "75"]
[EventDate "2013.07.27"]
[EventType "swiss"]
[EventRounds "10"]
[EventCountry "DEN"]
[SourceTitle "CBM 155 Extra"]
[Source "ChessBase"]
[SourceDate "2013.08.26"]
[SourceVersion "1"]
[SourceVersionDate "2013.08.26"]
[SourceQuality "1"]

1. e4 c6 2. d4 d5 3. e5 Bf5 4. Nf3 e6 5. Be2 c5 6. Be3 c4 7. 0-0 h6 8. b3 cxb3 9. axb3 Ne7 10. c4 Nbc6 11. Nc3 Nb4 12. Qd2 Nec6 13. Rfc1 a6 14. c5 Be7 15. Na4 Qc7 16. Nb6 Rd8 17. Ra4 a5 18. Qd1 Bg4 19. Bb5 0-0 20. h3 Bxf3 21. Qxf3 Bg5 22. Bxg5 hxg5 23. Qe3 Qe7 24. Bxc6 Nxc6 25. Re1 Rfe8 26. f4 gxf4 27. Qxf4 Qf8 28. Qg4 g6 29. Ra2 Qh6 30. Rf2 Rf8 31. Na4 Nb4 32. Qe2 Qh4 33. Qd2 Nc6 34. Rf4 Qg3 35. Rf3 Qh4 36. Rf4 Qg3 37. Nc3 Ne7 38. Rg4 1-0